00469 2200157 4500001002100000008004100021035002000062245012300082100001700205250000600222260003500228084001400263082000800277650001400285990001200299INLIS000000000001559 ind  a0010-0125000057 aPanduan Kreatif Membuat Bahan Ajar Inovatif Menciptakan Metode Pembelajaran Yang Menarik dan MenyenangkancAndi Prasto aPrasto, Andi a1 aYogyakarta :bDiva Pressc2011 a370 AND p a370 aNon Fiksi a0715088